Greco-Roman Classics - Statistics

General Stats
  • This quiz has been taken 24 times
  • The average score is 6 of 15
Answer Stats
Title Author % Correct
The Iliad Homer
100%
The Aeneid Virgil
83%
Metamorphoses Ovid
70%
The Symposium Plato
65%
Medea Euripides
57%
Antigone Sophocles
52%
The Oresteia Aeschylus
39%
Lysistrata Aristophanes
30%
Theogony Hesiod
26%
Anabasis Xenophon
22%
The Golden Ass Apuleius
13%
The Satyricon Gaius Petronius Arbiter
9%
The Satures Juvenal
9%
Amphytryon Plautus
9%
Argonautica Apollonius of Rhodes
4%
No matching quizzes found
Score Distribution
Percent of People with Each Score
Percentile by Number Answered
Your Score History
You have not taken this quiz